Redes de computadoras

Saved in:
Bibliografiske detaljer
Hovedforfatter: Tanenbaum, Andrew S (Author)
Format: Bog
Sprog:spansk
Udgivet: Ciudad de México Prentice Hall 1997
Udgivelse:2a. ed
Fag:
Tags: Tilføj Tag
Ingen Tags, Vær først til at tagge denne postø!

MARC

LEADER 00000nam a2200000 a 4500
001 UCQ6976
003 CL-VaPUC
008 981031e19970000MX |||||||||||||||||spa|d
082 0 4 |a 005.42  |b TAN  |2 21 
100 0 |a Tanenbaum, Andrew S  |e author  |9 420890 
245 1 0 |a Redes de computadoras 
250 |a 2a. ed 
300 |a 813 p 
942 |c BK 
945 |d 19981031 00:00:00  |a rbrito 
260 |a Ciudad de México  |b Prentice Hall  |c 1997 
650 0 |a Computadores  |9 258188 
650 0 |a Historia  |9 255047 
650 7 |a HARDWARE  |2 CL-VaPUC  |9 345461 
650 0 |a Redes de computadores  |9 263293 
650 0 |a Telecomunicaciones   |9 257195 
650 0 |a Redes de comunicaciones  |9 388793 
650 0 |a Software  |9 387312 
583 |a last modification  |c 20190713 21:45:32  |k Rodrigo Vera 
999 |c 276856  |d 276854 
952 |0 0  |1 2  |4 0  |6 005_420000000000000_TAN_1997  |7 0  |8 P  |9 314373  |a BIBING  |b BIBING  |d 2019-11-20  |i 347559K  |o 005.42 TAN 1997  |p 347559K  |r 2019-11-20  |w 2019-11-20  |y BK  |k CCI 
952 |0 0  |1 0  |4 0  |6 005_420000000000000_TAN_1997  |7 0  |8 P  |9 314374  |a BIBING  |b BIBING  |d 2019-11-20  |i 3475603  |o 005.42 TAN 1997  |p 3475603  |r 2023-03-02  |w 2019-11-20  |y BK  |k CCI 
952 |0 0  |1 0  |4 0  |6 005_420000000000000_TAN_1997  |7 0  |8 P  |9 314376  |a BIBING  |b BIBING  |d 2019-11-20  |i 3636364  |o 005.42 TAN 1997  |p 3636364  |r 2023-03-02  |w 2019-11-20  |y BK  |k ING 
952 |0 0  |1 2  |4 0  |6 005_420000000000000_TAN_1997  |7 0  |8 P  |9 314378  |a BIBING  |b BIBING  |d 2019-11-20  |i 3636380  |o 005.42 TAN 1997  |p 3636380  |r 2019-11-20  |w 2019-11-20  |y BK  |k ING 
952 |0 0  |1 2  |4 0  |6 005_420000000000000_TAN_1997  |7 0  |8 P  |9 314379  |a BIBING  |b BIBING  |d 2019-11-20  |i 3665143  |o 005.42 TAN 1997  |p 3665143  |r 2019-11-20  |w 2019-11-20  |y BK  |k CCI 
952 |0 0  |1 2  |4 0  |6 005_420000000000000_TAN_1997  |7 0  |8 P  |9 314381  |a BIBING  |b BIBING  |d 2019-11-20  |i 3665178  |o 005.42 TAN 1997  |p 3665178  |r 2019-11-20  |w 2019-11-20  |y BK  |k CCI 
952 |0 0  |1 2  |4 0  |6 005_420000000000000_TAN_1997  |7 0  |8 P  |9 314382  |a BIBING  |b BIBING  |d 2019-11-20  |i 3802531  |o 005.42 TAN 1997  |p 3802531  |r 2019-11-20  |w 2019-11-20  |y BK  |k ING 
952 |0 0  |1 2  |4 0  |6 005_420000000000000_TAN_1997  |7 0  |8 P  |9 314383  |a BIBING  |b BIBING  |d 2019-11-20  |i 380254K  |o 005.42 TAN 1997  |p 380254K  |r 2019-11-20  |w 2019-11-20  |y BK  |k ING 
952 |0 0  |1 2  |4 0  |6 005_420000000000000_TAN_1997  |7 0  |8 P  |9 314384  |a BIBING  |b BIBING  |d 2019-11-20  |i 3891038  |o 005.42 TAN 1997  |p 3891038  |r 2019-11-20  |w 2019-11-20  |y BK  |k ING 
952 |0 0  |1 2  |4 0  |6 005_420000000000000_TAN_1997  |7 0  |8 P  |9 314385  |a BIBING  |b BIBING  |d 2019-11-20  |i 3891046  |o 005.42 TAN 1997  |p 3891046  |r 2019-11-20  |w 2019-11-20  |y BK  |k ING 
952 |0 0  |1 2  |4 0  |6 005_420000000000000_TAN_1997  |7 0  |8 P  |9 314386  |a BIBING  |b BIBING  |d 2019-11-20  |i 3899292  |o 005.42 TAN 1997  |p 3899292  |r 2019-11-20  |w 2019-11-20  |y BK  |k ING